Fundamental of Vacuum Tubes / (Record no. 193531)
[ view plain ]
| 000 -LEADER | |
|---|---|
| fixed length control field | 00697 a2200181 4500 |
| 003 - CONTROL NUMBER IDENTIFIER | |
| control field | Nust |
| 005 - DATE AND TIME OF LATEST TRANSACTION | |
| control field | 20230725095957.0 |
| 040 ## - CATALOGING SOURCE | |
| Transcribing agency | Nust |
| 082 ## - DEWEY DECIMAL CLASSIFICATION NUMBER | |
| Classification number | 621.381512,EAS |
| 100 ## - MAIN ENTRY--PERSONAL NAME | |
| Personal name | Austin V. Eastman |
| 9 (RLIN) | 113803 |
| 245 ## - TITLE STATEMENT | |
| Title | Fundamental of Vacuum Tubes / |
| Statement of responsibility, etc. | Austin V. Eastman |
| 250 ## - EDITION STATEMENT | |
| Edition statement | 3rd ed |
| 260 ## - PUBLICATION, DISTRIBUTION, ETC. | |
| Place of publication, distribution, etc. | America |
| Name of publisher, distributor, etc. | Mc Graw- Hill |
| Date of publication, distribution, etc. | 1949 |
| 300 ## - PHYSICAL DESCRIPTION | |
| Extent | 644p; |
| 505 ## - FORMATTED CONTENTS NOTE | |
| Formatted contents note | Introductions to Part I (Page-3), Electronic Emission (Page-5), Construction of Vacuum Tubes (Page-23), High Vacuum Tubes (Page-37), Gas Field Tubes (Page-93), Photoelectric Tubes (Page-132), Part II: Application and Circuits (Page-163). |
| 650 ## - SUBJECT ADDED ENTRY--TOPICAL TERM | |
| Topical term or geographic name entry element | Telecommunication Engineering |
| 942 ## - ADDED ENTRY ELEMENTS (KOHA) | |
| Source of classification or shelving scheme | |
| Koha item type | Book |
| Call number prefix | 621.381512,EAS |
| Withdrawn status | Lost status | Source of classification or shelving scheme | Damaged status | Not for loan | Permanent Location | Current Location | Shelving location | Date acquired | Full call number | Barcode | Date last seen | Price effective from | Koha item type | Public note |
|---|---|---|---|---|---|---|---|---|---|---|---|---|---|---|
| Military College of Signals (MCS) | Military College of Signals (MCS) | General Stacks | 12/12/2016 | 621.381512,EAS | MCS5475 | 12/08/2016 | 12/12/2016 | Book | Almirha No 83, Shelf No 1 |
